000 01656cam a22004574i 4500
003 PE-LiUPU
005 20250731173110.0
008 150623s r 000 0 d
020 _a8589067017
035 _a(Sirsi) i9788589067010
040 _aPE-LiUPU
_bspa
_cPE-LiUPU
_erda
049 _aPRUA
082 0 4 _a230.225
_bG72
_221
100 1 _aGoppelt, Leonhard,
_d1911-1973,
_eautor.
245 1 0 _aTeología do Novo Testamento /
_cLeonhard Goppelt.
264 1 _aSao Paulo :
_bEditora Teológica,
_c2002.
300 _a560 páginas ;
_c23 centímetros
336 _atext
_2rdacontent
337 _aunmediated
_2rdamedia
338 _avolume
_2rdacarrier
504 _aIncluye bibliografía.
505 0 _aA atividade de Jesus em seu significado teológico. -A comunidade primitiva (a igreja no povo de Israel). -Pluralidade e unidade do testemunho apostólico a respeito de Cristo. -Paulo e o cristianismo helenista. -A teologia dos escritod pos-paulinos.
526 _aSEG42
526 _aSEG41
526 _aSEG40
526 _aSEG39
526 _aP94
526 _aP87
526 _aP86
526 _aP85
526 _aP77
526 _aP76
526 _aP35
630 _aBiblia.
_pN.T.
_xTEOLOGIA.
942 _2ddc
_cBOOK
949 _a230.225 G72
_wDEWEY
_c1
_i49522
_lCCODEBUL1
_mBUL
_r0
_sY
_tBOOK
_u2015-6-24
_xTEOLOGIA
_PP35
_0COMPRA
_o.STAFF. Colección General
994 _aC0
_bPEPRU
596 _a1
999 _a230.225 G72
_wDEWEY
_c30520
_i49522
_d30520
_f2021-11-9
_g5
_lCCODEBUL1
_mBUL
_q3
_r0
_sY
_tBOOK
_u2015-6-24
_xTEOLOGIA
_PP35
_0COMPRA
_o.STAFF. Colección General
980 _81
_gALBERTO SANCHEZ Responsable de Automatización